000 00758nam a22002532 4500
999 _c5436
_d5436
001 5436
003 BD-JhCC
005 20171214125506.0
008 801110s1963 ru a 000 0 eng d
035 _a(BD-JhCC)5436
040 _aWAU
_cWAU
_dEQO
041 1 _aengrus
082 _a621.3178
_bTIT
090 _aTK2861
_b.T58
100 1 _aTitarenko, M. V.
_q(Mikhail Vasilʹevich)
245 1 0 _aProtective relaying in electric power systems /
_c[by] M. Titarenko and I. Noskov-Dukelsky.
260 _aMoscow :
_bPeace Publishers,
_c[1963]
300 _a370 p.
_billus.
_c22 cm.
500 _aTranslated from the Russian.
650 0 _aElectric relays.
650 0 _aElectric power.
700 1 _aNoskov-Dukelʹskii, IgorʹAlekseevich.
942 _2ddc
_cBK